Riconosci lo Stato - Quiz n°50 - Statistics

Statistiche generali
  • Questo quiz è stato fatto 41 volte
  • Il punteggio medio è 10 su 13
Statistiche sulle risposte
Indizio Risposta % Corretto
Iniziale della Capitale A
94%
Indipendenza dalla Francia 26 giugno 1960
94%
Valuta Ariary
86%
Fuso Orario UTC+3
86%
Presidente della Repubblica Andry Rajoelina
83%
Primo ministro Christian Ntsay
83%
Popolazione 28 427 328 ab.
80%
Superficie 587 041 km²
80%
Forma di Governo Repubblica semipresidenziale
74%
ISU 0,501
63%
PIL (nominale) 12 499 milioni di $
63%
Tasso di crescita 2,5%
57%
Risposta Madagascar
54%
Nessun quiz corrispondente trovato
Distribuzione punteggi
Percentuale di utenti per punteggio
Percentile per numero di risposta
I tuoi punteggi nel tempo
Non hai fatto questo quiz